00781nam a2200217 i 450000100060000000300090000600500170001500700030003200800410003510000310007624501040010726000870021130000210029849000240031950000970034370000190044070000190045974000150047883000240049385200460051781692ES-MaACL20241025125010.0t|041105s1949 ag ||||1| spa d1 aHuxley, Aldous,d1894-196313aLa doble crisis / cpor Aldous Huxley. La salida / por John Russell ; traducción de C.A. Jordans. aBuenos Aires : bEdit. Sudamericana, c[1949] (fCompañía Impresora Argentina) a79 p. ; c17 cm.1 aSeries de la Unesco a[Edición en español debidamente autorizada por la Organización de las Naciones Unidas]1 aRussell, John.1 aJordans, C. A.3 aLa salida.0 aSeries de la Unesco aES-MaACLjD-7488 bR.30327bR.M.7064cSVI